| 000 | 00917cab a2200253 4500 | ||
|---|---|---|---|
| 001 | ABS59856 | ||
| 008 | 090401t1998 xxu||||| |||| 00| 0 eng d | ||
| 035 | _a(Sirsi) u90255 | ||
| 041 | _aeng | ||
| 100 | _aWiltshaw, D.G. | ||
| 245 | _aStigma, perception and the remediation of contaminated land | ||
| 260 | _c1998 | ||
| 350 | _a0 | ||
| 490 |
_aJournal of Property Research _v15(4) December 1998, 285-303(19) |
||
| 520 | _aA review of the literature discussing the phenomenon of stigma or environmental stigma as a key factor in lowering the value of land which is actually or potentially contaminated. Reviews the effect of the perception of stigma on landowners` remediation expenditure. References. | ||
| 650 | _aCONTAMINATED LAND | ||
| 650 | _aPERCEPTION | ||
| 650 | _aREMEDIATION | ||
| 650 | _aSTIGMA | ||
| 650 | _aVALUE | ||
| 690 | _aRATING AND VALUATION | ||
| 942 | _n0 | ||
| 948 | _c11/12/1998 | ||
| 999 |
_c57196 _d57196 |
||